Statistics for Worlds largest technology companies

Click here to take the quiz!

General Stats

  • This quiz has been taken 26 times
  • The average score is 6 of 10

Answer Stats

Annual Revenue(USD)Answer% Correct
233.7BillionApple
100%
93.58billionMicrosoft
92%
177.4billionSamsung
85%
67.51billionSony
65%
82.46billionIBM
58%
103.4billionHP
54%
74.0billionDell
54%
107.0billionAmazon
46%
74.99billionAlphabet
35%
141.2billionFoxconn
12%

Score Distribution

Percentile by Number Answered

Percent of People with Each Score

Your Score History

You have not taken this quiz